000 00653nam a2200193Ia 4500
003 IN-BaIIA
008 211028s9999 xx 000 0 eng d
020 _a978-2-7598-0639-3
040 _cIIA Library
080 _a52:82-92
_bSTE-2
245 0 _aScientific writing for young astronomers
_ba collection of papers on scientific writing, part 2
_cedited by Christiaan Sterken
260 _aFrance
_bEDP Sciences
_c2011
300 _axviii, 162p.
490 _aEAS publications series; v. 50
650 _aAstronomy-Scientific writing
_934745
650 _aScientific writing-Astronomy
_934746
700 _aSterken, Christiaan ed.
_917699
942 _cBK
999 _c18170
_d18170